000 00553nam a2200181Ia 4500
008 240729s9999 xx 000 0 und d
022 _a2360-266X
245 0 _aJournal of Ancient History and Archaeology
260 _aRomania
260 _bMega Publishing House
650 _a Ancient history
650 _a Archaeology | History (General) and history of Europe
650 _a History (General)
650 _aAuxiliary sciences of history
856 _uhttps://doaj.org/toc/e7813d3093d24b98a6f2b0030033ad90
942 _2ddc
942 _cDOAJEJ
999 _c72863
_d72863
945 _a1
_bMadushi Gamage
_c1
_dMadushi Gamage